| 000 | 00471nam a2200157 i 4500 | ||
|---|---|---|---|
| 001 | 24950 | ||
| 003 | ES-MaACL | ||
| 005 | 20230906153151.0 | ||
| 007 | t| | ||
| 008 | 021219s1948 sp ||||1| spa d | ||
| 245 | 0 | 0 | _aDerecho internacional público adaptados por los alumnos de la Escuela Diplomática. |
| 250 | _a1ª ed. | ||
| 260 |
_aMadrid : _bEdiciones Claridad, _c[1948] ( _fJosé Ruiz Alonso) |
||
| 300 |
_a399 p. ; _c20 cm. |
||
| 852 |
_aES-MaACL _jC-5170 _bR.25952 |
||
| 999 |
_c24950 _d24950 |
||